000 00366nam a22001457a 4500
999 _c15598
_d15598
003 OSt
008 190517b ||||| |||| 00| 0 eng d
020 _a9789351242604
082 _a631.1
_bSHA/BA
245 _aBasics of Agricultur for Engineers
260 _aNew Delhi
_bDaya Publishing House
_c2014
300 _a122 p.
700 _aSharma, R K
_94078
942 _cBK